00521nam a2200169 a 450000100060000000300090000600800410001502000150005604000280007108200140009924500560011326000440016930000200021350000670023365000250030065000260032514069CO-ViMGA141112s2004 ck r 000 u spa d a8449402409 aCO-ViMGAbspacCO-ViMGA aR539 E52410aEnciclopedia audiovisual educativa fisica y quimica aBarcelona : bOceano Multimedia, c1997 a2 V. + 2 VIDEOS aV.1 : Fisica. V.2 : Quimica. Incluye; 2 videos y libro guia. 14aFISICA - ENSEÑANZA14aQUIMICA - ENSEÑANZA